书目信息 |
| 题名: |
珊瑚
|
|
| 作者: | 郑学 编著 | |
| 分册: | ||
| 出版信息: | 石家庄 花山文艺出版社 2020.12 |
|
| 页数: | 245页 | |
| 开本: | 27cm | |
| 丛书名: | ||
| 单 册: | ||
| 中图分类: | G262.3 | |
| 科图分类: | ||
| 主题词: | 珊瑚虫纲--收藏 , 珊瑚虫纲--鉴赏 | |
| 电子资源: | ||
| ISBN: | 978-7-5511-2293-1 | |
| 000 | 00900nam0 2200253 450 | |
| 001 | 012001001104 | |
| 005 | 20141202111243.0 | |
| 010 | @a978-7-5511-2293-1@dCNY128.00 | |
| 100 | @a20220905d2021 em y0chiy50 ea | |
| 101 | 0 | @achi |
| 102 | @aCN@b130000 | |
| 105 | @aa z 000yy | |
| 106 | @ar | |
| 200 | 1 | @a珊瑚@Ashan hu@d= Coral@f郑学编著@zeng |
| 210 | @a石家庄@c花山文艺出版社@d2020.12 | |
| 215 | @a245页@c图,照片@d27cm | |
| 330 | @a本书是历史、文化、传承、发展到如今的收藏热、生活时尚等多层次不同角度对珊瑚进行全方位介绍。通过丰富、精美的图片和专业、简洁的文字追溯珊瑚的历史,记录珊瑚的传承,展现珊瑚的发展历程,充分体现珊瑚无论作为艺术品、收藏品,还是时尚饰品的艺术之美。 | |
| 510 | 1 | @aCoral@zeng |
| 606 | 0 | @a珊瑚虫纲@x收藏 |
| 606 | 0 | @a珊瑚虫纲@x鉴赏 |
| 690 | @aG262.3@v5 | |
| 701 | 0 | @a郑学@Azheng xue@4编著 |
| 801 | 0 | @aCN@bAHXH@c20221111 |
| 905 | @b1362923-6@dG262.3@e33@f4 | |
| 珊瑚= Coral/郑学编著.-石家庄:花山文艺出版社,2020.12 |
| 245页:图,照片;27cm |
| ISBN 978-7-5511-2293-1:CNY128.00 |
| 本书是历史、文化、传承、发展到如今的收藏热、生活时尚等多层次不同角度对珊瑚进行全方位介绍。通过丰富、精美的图片和专业、简洁的文字追溯珊瑚的历史,记录珊瑚的传承,展现珊瑚的发展历程,充分体现珊瑚无论作为艺术品、收藏品,还是时尚饰品的艺术之美。 |
| ● |
| 相关链接 |
|
|
|
|
正题名:珊瑚
索取号:G262.3/33
 
预约/预借
| 序号 | 登录号 | 条形码 | 馆藏地/架位号 | 状态 | 备注 |
| 1 | 1362923 | 213629233 | 第一样本阅览室/ [索取号:G262.3/33] | 在馆 | |
| 2 | 1362924 | 213629242 | 教育系资料室/ [索取号:G262.3/33] | 在馆 | |
| 3 | 1362925 | 213629251 | 教育系资料室/ [索取号:G262.3/33] | 在馆 | |
| 4 | 1362926 | 213629260 | 第四借阅区/ [索取号:G262.3/33] | 在馆 |